Probability theory on vector spaces

Kaydedildi:
Detaylı Bibliyografya
Yazar: Weron, A (Yazar)
Materyal Türü: Kitap
Dil:İngilizce
Baskı/Yayın Bilgisi: Berlín Springer-verlag 1980
Seri Bilgileri:Lecture Notes in Mathematics, 828
Konular:
Etiketler: Etiketle
Etiket eklenmemiş, İlk siz ekleyin!

MARC

LEADER 00000nam a2200000 a 4500
001 UCP1022
003 CL-VaPUC
005 20250224152545.0
008 990326e19800000gw 1 eng d
082 0 4 |a 519.2  |b WER  |2 21 
100 1 |a Weron, A  |e author  |9 619384 
245 1 0 |a Probability theory on vector spaces 
260 |a Berlín  |b Springer-verlag  |c 1980 
300 |a 324 p 
490 0 |a Lecture Notes in Mathematics, 828 
583 |a last modification  |c 19990326 00:00:00  |k Rodrigo Vera 
650 0 0 |a Teoría de probabilidades   |9 336944 
650 0 0 |a Espacios vectoriales   |9 21 
650 0 7 |a MEDIDAS GAUSSIANAS  |2 CL-VaPUC  |9 424862 
650 0 7 |a ESPACIOS DE BANACH  |2 CL-VaPUC  |9 260167 
650 0 0 |a Procesos estocásticos   |9 260364 
650 0 0 |a Mecánica cuántica  |9 306806 
650 0 0 |a Congresos  |9 257560 
942 |c BK 
945 |a crobeson  |d 19990326 00:00:00 
546 |a En Inglés 
518 |p International Conference on Probability Theory on Vector Spaces, 2, Blazejewko, 17 al 23 de septiembre de 1979 
999 |c 383371  |d 383369 
952 |0 0  |1 0  |4 0  |6 519_200000000000000_WER_1980  |7 0  |8 A  |9 505469  |a BIBGIM  |b BIBGIM  |d 2020-01-23  |i 1333429  |o 519.2 WER 1980  |p 1333429  |r 2025-01-15  |w 2020-01-23  |y BK  |k EST